• 首页
  • 本馆介绍
  • 公告通知
  • 最新文献
  • 馆藏检索
  • 电子资源
  • 读者导购
  • 参考咨询
  • 我的图书馆
  • 登录
  • 详细信息显示
  • 放入我的书架
  • 预约/预借图书
  • 作者相关作品
  • 分类相关作品
  • 丛书相关作品
  • 出版社相关作品

书目信息

  • 表格格式
  • 工作单格式
  • 卡片格式
题名:
药用高分子材料
    
 
作者: 姚日生 主编
分册:  
出版信息: 北京   化学工业出版社  2003
页数: 271页
开本: 26cm
丛书名:
单 册:
中图分类: TQ460.4
科图分类:
主题词: 高分子材料--制剂辅料(医药)--高等学校--教材 , 高分子材料 , 制剂辅料(医药)
电子资源:
ISBN: 7-5025-4567-0
000 00889nam0 2200265 450
001 002439666
005 20070720105131.57
010    @a7-5025-4567-0@dCNY28.00
100    @a20030829e20052003em y0chiy0110 ea
101 0  @achi
102    @aCN@b110000
105    @ay z 000yy
106    @ar
200 1  @a药用高分子材料@Ayao yong gao fen zi cai liao@f姚日生主编@Fyao ri sheng zhu bian
210    @a北京@c化学工业出版社@d2003@h2005重印
215    @a271页@d26cm
300    @a高等学校教材
330    @a全书介绍了高分子的基本概念、高分子结构与性能以及高分子材料在药物与制药工业中的应用原理,讨论了高分子材料的药用性能与结构的关系等内容。
606 0  @a高分子材料@x制剂辅料(医药)@x高等学校@j教材
606 0  @a高分子材料
606 0  @a制剂辅料(医药)
690    @aTQ460.4@v4
701  0 @a姚日生@Ayao ri sheng@c(高分子化学)@4主编
801  0 @aCN@bNLC@c20070720
905    @dTQ460.4@e31@f4
    
    药用高分子材料/姚日生主编.-北京:化学工业出版社,2003(2005重印)
    271页;26cm
    高等学校教材
    
    ISBN 7-5025-4567-0:CNY28.00
    全书介绍了高分子的基本概念、高分子结构与性能以及高分子材料在药物与制药工业中的应用原理,讨论了高分子材料的药用性能与结构的关系等内容。
●
相关链接 在E读中查询图书 在五车中查询图书 在当当中查询图书 在豆瓣中查询图书


正题名:药用高分子材料     索取号:TQ460.4/31         预约/预借

序号 登录号 条形码 馆藏地/架位号 状态 备注
1 0850352   208503528   第二样本阅览室/ [索取号:TQ460.4/31] 在馆    
2 0850353   208503537   第三借阅区/ [索取号:TQ460.4/31] 在馆    
3 0850354   208503546   第三借阅区/ [索取号:TQ460.4/31] 在馆    
4 0850355   208503555   第三借阅区/ [索取号:TQ460.4/31] 在馆    
唐山师范学院图书馆 欢迎您!
大连网信软件有限公司© 版权所有